000 00550nam a2200205Ia 4500
005 20260325172949.0
008 260325s9999||||xx |||||||||||||| ||und||
020 _a9781569905142
020 _qhb
082 _a668.9
_bOSS.3E
100 _aOsswald, Tim A.
245 0 _aMaterials science of polymers for engineers [3rd ed.]
250 _a3rd ed. ; c2012
260 _aCincinnati
_bHanser Publications
_c2012
300 _axix, 595p. ; 24cm.
653 _aPlastics--Molding
653 _aPolymers
700 _aMenges, Georg
942 _cBK
999 _c53116
_d53116